| 000 | 01453cam a22003374a 4500 | ||
|---|---|---|---|
| 001 | 12377785 | ||
| 003 | USPCAS-E | ||
| 005 | 20180118181419.0 | ||
| 008 | 010412s2001 nyua b 001 0 eng | ||
| 010 | _a 2001024704 | ||
| 020 | _a0471357294 (alk. paper) | ||
| 040 |
_aDLC _cDLC _dDLC |
||
| 042 | _apcc | ||
| 050 | 0 | 0 |
_aTK7870.25 _b.S7324 2001 |
| 082 | 0 | 0 |
_a621.38104 _221 _bSTE-P 2001 |
| 100 | 1 |
_aSteinberg, Dave S., _d1923- |
|
| 245 | 1 | 0 |
_aPreventing thermal cycling and vibration failures in electronic equipment / _cDave S. Steinberg. |
| 260 |
_aNew York : _bJ. Wiley, _cc2001. |
||
| 300 |
_axxi, 282 p. : _bill. ; _c25 cm. |
||
| 502 | _a. | ||
| 504 | _aIncludes bibliographical references (p. 270-272) and index. | ||
| 650 | 0 |
_aElectronic apparatus and appliances _xThermal properties. |
|
| 650 | 0 |
_aElectronic apparatus and appliances _xVibration. |
|
| 650 | 0 |
_aElectronic apparatus and appliances _xProtection. |
|
| 650 | 0 | _aSystem failures (Engineering) | |
| 856 | 4 | 2 |
_3Publisher description _uhttp://www.loc.gov/catdir/description/wiley036/2001024704.html |
| 856 | 4 |
_3Table of Contents _uhttp://www.loc.gov/catdir/toc/onix07/2001024704.html |
|
| 906 |
_a7 _bcbc _corignew _d1 _eocip _f20 _gy-gencatlg |
||
| 942 |
_2ddc _cBK |
||
| 999 |
_c355956 _d355956 |
||